00754cam a2200217 a 4500008004100000020002200041100002400063245013600087260005200223300003300275500002000308504004100328650002700369650003700396650003700433700001800470700002100488003000100509005001700510040000900527  a0521440920 (hbk.)1 aLeong, Anthony S.Y.10aImmunohistology and electron microscopy of anaplastic and pleomorphic tumors /cAnthony S.-Y. Leong, Mark R. Wick, Paul E. Swanson. aCambridge :bCambridge University Press,c1997. axv, 287 p. :bill. ;c26 cm. aIncludes index. aIncludes bibliographical references. 0aTumorsxCytodiagnosis. 0aDiagnosis, Electron microscopic. 0aDiagnostic immunohistochemistry.1 aWick, Mark R.1 aSwanson, Paul E.20230120203942.0 cNUST